000 00255nam a2200133Ia 4500
100 _aCIMI
942 _cBK
366 _f20
245 _aCUTTING & SEWING ASSIGNMENT/TEST
260 _bCIMI
_aChennai
300 _a56
546 _aENGLISH
999 _c27883
_d27883